[Event "ch-ISR w 2013"]
[Site "Acre ISR"]
[Date "2013.04.06"]
[Round "1.1"]
[White "Borsuk, Angela"]
[Black "Vardi, Shlomit"]
[Result "1-0"]
[WhiteTitle "IM"]
[WhiteElo "2256"]
[BlackElo "2003"]
[WhiteFideId "2806452"]
[BlackFideId "2801442"]
[EventDate "2013.04.06"]

1. d4 Nf6 2. c4 g6 3. Nc3 Bg7 4. e4 d6 5. Nge2 O-O 6. Ng3 e5 7. d5 a5 8. Be2 Na6
9. Bg5 Nc5 10. Qd2 Bd7 11. h4 Qe8 12. h5 b5 13. cxb5 Rb8 14. h6 Bh8 15. Be3 Bxb5
16. Bxb5 Rxb5 17. Nxb5 Qxb5 18. Bxc5 dxc5 19. f3 Nd7 20. Ne2 Bf6 21. Nc3 Qb4 22.
Rd1 Rb8 23. b3 Be7 24. Na4 c4 25. Qxb4 axb4 26. bxc4 Ra8 27. Nb2 Rxa2 28. Nd3
Rxg2 29. Rb1 Rc2 30. c5 Nxc5 31. Nxb4 Rc3 32. Nc6 Bf8 33. Nxe5 f6 34. Kd2 Ra3
35. Nxg6 Bxh6+ 36. Rxh6 hxg6 37. Rxg6+ Kf7 38. Rbg1 1-0

[Event "ch-ISR w 2013"]
[Site "Acre ISR"]
[Date "2013.04.06"]
[Round "1.2"]
[White "Lian, Marina"]
[Black "Bejashvili, Irma"]
[Result "0-1"]
[WhiteElo "1874"]
[BlackElo "1876"]
[WhiteFideId "2809680"]
[BlackFideId "2810662"]
[EventDate "2013.04.06"]

1. e4 c5 2. Nc3 Nc6 3. f4 e6 4. Bc4 Nge7 5. d3 d5 6. Bb3 dxe4 7. dxe4 Qxd1+ 8.
Nxd1 Nd4 9. Nf3 Nxf3+ 10. gxf3 Bd7 11. Be3 Rc8 12. c4 Ng6 13. Nf2 Bd6 14. Nd3 b6
15. O-O-O Ke7 16. Rhg1 Rhg8 17. Rd2 Nh4 18. Bd1 Ng6 19. Rdg2 Rge8 20. h4 h5 21.
Rg5 Rh8 22. Be2 Nxh4 23. Ne5 Bxe5 24. fxe5 Ng6 25. f4 h4 26. f5 exf5 27. exf5
Nxe5 28. Rxg7 Bxf5 29. R7g5 Ke6 30. Bf4 f6 31. Rg7 Nd3+ 32. Bxd3 Bxd3 33. b3 a6
34. Rd1 Be4 35. Rd6+ Kf5 36. Bh2 Rc6 37. Rd1 Rh5 38. Rf1+ Ke6 39. Kd2 Rg5 40.
Ra7 Rg2+ 41. Ke3 Rxh2 42. Kxe4 Rxa2 43. Kf4 Re2 44. Rxa6 Rd6 45. Kf3 Re5 46. Kg2
Re3 47. Ra2 Rdd3 48. Rf4 h3+ 49. Kh2 Rg3 50. Re2+ Rde3 51. Ref2 Rg2+ 0-1

[Event "ch-ISR w 2013"]
[Site "Acre ISR"]
[Date "2013.04.06"]
[Round "1.3"]
[White "Vasiliev, Olga"]
[Black "Dotan, Valeria"]
[Result "1-0"]
[WhiteTitle "WIM"]
[BlackTitle "WFM"]
[WhiteElo "2243"]
[BlackElo "2056"]
[WhiteFideId "2807602"]
[BlackFideId "2803607"]
[EventDate "2013.04.06"]

1. e4 c5 2. Nf3 d6 3. d4 cxd4 4. Nxd4 Nf6 5. Nc3 a6 6. f4 Qc7 7. Bd3 g6 8. O-O
Bg7 9. Kh1 O-O 10. Qe1 Nc6 11. Nf3 Nb4 12. Qh4 Nxd3 13. cxd3 Qc5 14. e5 dxe5 15.
fxe5 Ng4 16. d4 Qc4 17. Bd2 h5 18. Qxe7 Bf5 19. b3 Qc8 20. Rac1 Re8 21. Nd5 Qb8
22. Qh4 Qd8 23. Nc7 Qxh4 24. Nxh4 Bd3 25. Rf3 Be4 26. Nxe8 Rxe8 27. Rfc3 Bc6 28.
Rxc6 bxc6 29. Rxc6 Rd8 30. Nf3 Nf2+ 31. Kg1 Ne4 32. Ba5 Rd5 33. Rxa6 g5 34. Bb6
g4 35. Ne1 Bh6 36. Nc2 g3 37. hxg3 Nxg3 38. Kf2 Nf5 39. a4 h4 40. Ra8+ Kh7 41.
Rd8 Ne7 42. Nb4 Rxd8 43. Bxd8 Nf5 44. Nc2 1-0

[Event "ch-ISR w 2013"]
[Site "Acre ISR"]
[Date "2013.04.06"]
[Round "1.4"]
[White "Klinova, Masha"]
[Black "Len, Irina"]
[Result "0-1"]
[WhiteTitle "IM"]
[WhiteElo "2330"]
[BlackElo "2091"]
[WhiteFideId "2802015"]
[BlackFideId "2805715"]
[EventDate "2013.04.06"]

1. e4 d5 2. exd5 Nf6 3. d4 Nxd5 4. Be2 c6 5. c4 Nb6 6. Nc3 Bf5 7. Nf3 e6 8. O-O
Be7 9. Bf4 O-O 10. Qb3 Qc8 11. Rac1 N8d7 12. h3 Rd8 13. Rfe1 Nf8 14. a4 Nbd7 15.
Bf1 Ng6 16. Bh2 h5 17. Ne4 Bxe4 18. Rxe4 Nf6 19. Ree1 c5 20. d5 exd5 21. cxd5
Bd6 22. Ne5 Qc7 23. f4 Ne7 24. Bc4 Nf5 25. Kh1 Re8 26. Qd3 g6 27. b4 Re7 28.
bxc5 Qxc5 29. Bg1 Qa5 30. Bb3 Qb4 31. Rf1 h4 32. Bh2 Ne4 33. Rc4 Nfg3+ 34. Bxg3
Nxg3+ 35. Qxg3 hxg3 36. Rxb4 Bxb4 37. Rd1 Bd6 38. Kg1 g5 39. Ng4 gxf4 40. Bc2
Kg7 41. Kf1 Rae8 42. Bd3 Bb4 0-1

[Event "ch-ISR w 2013"]
[Site "Acre ISR"]
[Date "2013.04.07"]
[Round "2.1"]
[White "Bejashvili, Irma"]
[Black "Vasiliev, Olga"]
[Result "0-1"]
[BlackTitle "WIM"]
[WhiteElo "1876"]
[BlackElo "2243"]
[WhiteFideId "2810662"]
[BlackFideId "2807602"]
[EventDate "2013.04.06"]

1. e4 c5 2. Nf3 Nc6 3. Bb5 g6 4. Nc3 Bg7 5. O-O a6 6. Bxc6 dxc6 7. d3 Nf6 8. Be3
b6 9. h3 h6 10. d4 cxd4 11. Qxd4 Qxd4 12. Bxd4 Rb8 13. Rfe1 O-O 14. Rad1 c5 15.
Be5 Rb7 16. Nd5 Ne8 17. Bxg7 Kxg7 18. Ne5 e6 19. Nc3 f5 20. Nc4 b5 21. Nd6 Rc7
22. Nxc8 Rxc8 23. Rd7+ Rf7 24. Red1 Rc7 25. Rd8 Rfe7 26. Ra8 Ra7 27. Rdd8 Rxa8
28. Rxa8 Nc7 29. Ra7 Kf7 30. f3 Ke8 31. Rb7 Kd7 32. Rb6 Kc8 33. Rd6 Kb7 34. Rd8
Ne8 35. Kf2 g5 36. g3 Kc7 37. Rd2 Nd6 38. b3 Kc6 39. Ke3 Kd7 40. g4 a5 41. Rh2
b4 42. Nb1 c4 43. h4 c3 44. hxg5 hxg5 45. Rh6 Nb5 46. Rf6 0-1

[Event "ch-ISR w 2013"]
[Site "Acre ISR"]
[Date "2013.04.07"]
[Round "2.2"]
[White "Len, Irina"]
[Black "Lian, Marina"]
[Result "1-0"]
[WhiteElo "2091"]
[BlackElo "1874"]
[WhiteFideId "2805715"]
[BlackFideId "2809680"]
[EventDate "2013.04.06"]

1. d4 Nf6 2. c4 e6 3. Nf3 b6 4. g3 Bb7 5. Bg2 c5 6. O-O cxd4 7. Qxd4 Nc6 8. Qd1
Be7 9. Nc3 O-O 10. h3 d6 11. Bf4 a6 12. Rc1 Qc7 13. Nd5 exd5 14. cxd5 Nxd5 15.
Qxd5 Rac8 16. Rfd1 Rfd8 17. Ng5 Bf8 18. Qd3 g6 19. Bd5 Rd7 20. h4 Qd8 21. Qf3
Na5 22. h5 Rxc1 23. Rxc1 Qf6 24. hxg6 hxg6 25. b4 Bxd5 26. Qxd5 Nb7 27. Qc6 Qe7
28. e3 f6 29. Qd5+ Kg7 30. Ne6+ Kh8 31. Kg2 Qf7 32. e4 g5 33. Rc8 Nd8 34. Nxf8
Qxf8 35. Be3 Kg7 36. Bxb6 Qe7 37. a4 Rb7 38. Bxd8 1-0

[Event "ch-ISR w 2013"]
[Site "Acre ISR"]
[Date "2013.04.07"]
[Round "2.3"]
[White "Vardi, Shlomit"]
[Black "Klinova, Masha"]
[Result "0-1"]
[BlackTitle "IM"]
[WhiteElo "2003"]
[BlackElo "2330"]
[WhiteFideId "2801442"]
[BlackFideId "2802015"]
[EventDate "2013.04.06"]

1. e4 d6 2. d4 Nf6 3. Nc3 g6 4. f4 Bg7 5. Nf3 O-O 6. Bd3 c5 7. d5 e6 8. O-O exd5
9. Nxd5 Nbd7 10. a4 Nxd5 11. exd5 Nf6 12. f5 c4 13. Bxc4 Bxf5 14. c3 Qc7 15. Bb3
Rfe8 16. h3 Be4 17. Ng5 h6 18. Nxe4 Nxe4 19. Bc2 Qc5+ 20. Kh2 f5 21. Ra3 Re7 22.
Qf3 Be5+ 23. Bf4 Nd2 24. Qd1 Nxf1+ 25. Qxf1 Qe3 26. Bxe5 Qxe5+ 27. Kg1 Rae8 28.
Qf3 Qe1+ 29. Kh2 Re3 30. Qf4 R8e5 31. Ra1 g5 32. Qxe5 Rxe5 33. Rxe1 Rxe1 34.
Bxf5 Kf7 35. a5 Kf6 36. Bc8 b6 37. axb6 axb6 38. Ba6 Ke5 39. c4 Rb1 40. Kg3 Rxb2
41. h4 gxh4+ 42. Kh3 Kf4 43. Kh2 Rc2 44. Bb5 Rc3 45. Ba6 Rg3 0-1

[Event "ch-ISR w 2013"]
[Site "Acre ISR"]
[Date "2013.04.07"]
[Round "2.4"]
[White "Tsifanskaya, Ludmila A"]
[Black "Borsuk, Angela"]
[Result "1/2-1/2"]
[WhiteTitle "WIM"]
[BlackTitle "IM"]
[WhiteElo "2085"]
[BlackElo "2256"]
[WhiteFideId "2802368"]
[BlackFideId "2806452"]
[EventDate "2013.04.06"]

1. e4 g6 2. d4 Bg7 3. Nc3 c6 4. Nge2 d6 5. a4 Nf6 6. g3 O-O 7. Bg2 e5 8. O-O Na6
9. h3 Re8 10. Be3 exd4 11. Bxd4 Qe7 12. g4 Nc5 13. Ng3 Ne6 14. Be3 Nd7 15. f4
Nec5 16. Bd4 Bxd4+ 17. Qxd4 Qh4 18. Qf2 Qe7 19. Rad1 b6 20. b4 Ne6 21. b5 Bb7
22. e5 d5 23. bxc6 Bxc6 24. Nxd5 Bxd5 25. Bxd5 Rac8 26. Ne4 Rf8 27. f5 Nxe5 28.
f6 Qa3 29. Bb3 Qb4 30. Qe3 Rfd8 31. Bxe6 fxe6 32. Ng5 Nf7 33. Nxf7 Kxf7 34. Rxd8
Rxd8 35. Qh6 Qd4+ 36. Kh1 Qe4+ 37. Kg1 Qd4+ 1/2-1/2

[Event "ch-ISR w 2013"]
[Site "Acre ISR"]
[Date "2013.04.08"]
[Round "3.1"]
[White "Klinova, Masha"]
[Black "Tsifanskaya, Ludmila A"]
[Result "1/2-1/2"]
[WhiteTitle "IM"]
[BlackTitle "WIM"]
[WhiteElo "2330"]
[BlackElo "2085"]
[WhiteFideId "2802015"]
[BlackFideId "2802368"]
[EventDate "2013.04.06"]

1. e4 c5 2. Nf3 e6 3. Nc3 a6 4. a4 Nc6 5. Be2 Nf6 6. O-O d5 7. exd5 Nxd5 8. d4
Nxc3 9. bxc3 cxd4 10. cxd4 Bd6 11. c4 O-O 12. Be3 Qc7 13. Rc1 Ne7 14. Bd3 Ng6
15. c5 Be7 16. Bg5 Qd8 17. Bxe7 Qxe7 18. Bxg6 hxg6 19. Ne5 Bd7 20. Re1 Bc6 21.
Nc4 Rad8 22. Nd6 Qg5 23. f3 b6 24. Qe2 1/2-1/2

[Event "ch-ISR w 2013"]
[Site "Acre ISR"]
[Date "2013.04.08"]
[Round "3.2"]
[White "Lian, Marina"]
[Black "Vardi, Shlomit"]
[Result "1-0"]
[WhiteElo "1874"]
[BlackElo "2003"]
[WhiteFideId "2809680"]
[BlackFideId "2801442"]
[EventDate "2013.04.06"]

1. e4 d6 2. d4 Nf6 3. Nc3 g6 4. Be3 c6 5. f3 Qc7 6. Qd2 Nbd7 7. h4 h5 8. Nh3 b5
9. Ng5 Nb6 10. b3 a6 11. Be2 Bg7 12. a4 b4 13. Nd1 O-O 14. Qxb4 Nbd7 15. Qd2 e5
16. Nf2 Bb7 17. Rd1 Rad8 18. O-O exd4 19. Bxd4 d5 20. exd5 Nxd5 21. Bxg7 Kxg7
22. Nfe4 Ne5 23. f4 Qb6+ 24. Kh1 Ng4 25. Bxg4 hxg4 26. c4 Ne7 27. Qc3+ Kh6 28.
Qf6 Rxd1 29. Rxd1 Nf5 30. Nxf7+ Rxf7 31. Qxf7 Qxb3 32. Qf8+ Kh5 33. Qh8+ Nh6 34.
Nf6+ 1-0

[Event "ch-ISR w 2013"]
[Site "Acre ISR"]
[Date "2013.04.08"]
[Round "3.4"]
[White "Dotan, Valeria"]
[Black "Bejashvili, Irma"]
[Result "1/2-1/2"]
[WhiteTitle "WFM"]
[WhiteElo "2056"]
[BlackElo "1876"]
[WhiteFideId "2803607"]
[BlackFideId "2810662"]
[EventDate "2013.04.06"]

1. Nf3 d5 2. d4 Nf6 3. c4 e6 4. a3 dxc4 5. e3 c5 6. Bxc4 Nc6 7. O-O cxd4 8. exd4
Bd6 9. Nc3 O-O 10. Re1 a6 11. Bg5 Be7 12. h3 h6 13. Be3 b5 14. Ba2 b4 15. axb4
Nxb4 16. Bc4 Bb7 17. Rc1 Qb8 18. Ne5 Rc8 19. Be2 Bd6 20. Nc4 Bh2+ 21. Kh1 Nfd5
22. Nxd5 Nxd5 23. Qd2 Nf4 24. Bxf4 Bxf4 25. Ne3 Bc6 26. Rc3 Ra7 27. Rec1 Bd7 28.
Bf3 Rxc3 29. Qxc3 Rc7 30. Qd2 Rxc1+ 31. Qxc1 Qb4 32. g3 Bg5 33. Qc3 Qxc3 34.
bxc3 a5 35. Bd1 a4 36. c4 Kf8 37. Kg1 Ke7 38. Kf1 a3 39. Bb3 Bxe3 40. fxe3 Kd6
41. Ke2 f5 42. h4 g5 43. hxg5 hxg5 44. Kd2 Ba4 45. c5+ Ke7 46. Kc3 1/2-1/2

[Event "ch-ISR w 2013"]
[Site "Acre ISR"]
[Date "2013.04.09"]
[Round "4.1"]
[White "Len, Irina"]
[Black "Dotan, Valeria"]
[Result "1-0"]
[BlackTitle "WFM"]
[WhiteElo "2091"]
[BlackElo "2056"]
[WhiteFideId "2805715"]
[BlackFideId "2803607"]
[EventDate "2013.04.06"]

1. d4 Nf6 2. c4 e6 3. Nf3 d5 4. Bg5 Be7 5. e3 O-O 6. Nc3 h6 7. Bxf6 Bxf6 8. b4
c6 9. Bd3 dxc4 10. Bxc4 a5 11. b5 c5 12. O-O cxd4 13. exd4 Nd7 14. Ne4 Be7 15.
Rc1 Nf6 16. Qe2 Nd5 17. Rfd1 a4 18. Ne5 Bg5 19. Nxg5 Qxg5 20. Qf3 Nf6 21. Bd3
Ne8 22. Bb1 Qd8 23. Qd3 f5 24. Rc5 Nf6 25. Qc4 Nd5 26. Re1 Nb6 27. Qd3 Nd5 28.
Qf3 Bd7 29. Rxd5 exd5 30. Qxd5+ Kh7 31. Nxd7 Kh8 32. Bxf5 Re8 33. Rxe8+ Qxe8 34.
Ne5 1-0

[Event "ch-ISR w 2013"]
[Site "Acre ISR"]
[Date "2013.04.09"]
[Round "4.2"]
[White "Vardi, Shlomit"]
[Black "Vasiliev, Olga"]
[Result "0-1"]
[BlackTitle "WIM"]
[WhiteElo "2003"]
[BlackElo "2243"]
[WhiteFideId "2801442"]
[BlackFideId "2807602"]
[EventDate "2013.04.06"]

1. e4 c5 2. Nc3 a6 3. g3 b5 4. Bg2 Bb7 5. d3 g6 6. Nf3 Bg7 7. O-O Nc6 8. Re1 d6
9. a4 b4 10. Nd5 e6 11. Ne3 Nge7 12. Rb1 O-O 13. b3 Rc8 14. Bb2 Nd4 15. Ba1 h6
16. Qd2 f5 17. c3 bxc3 18. Bxc3 fxe4 19. Ba5 exf3 20. Bxd8 fxg2 21. Qd1 Rcxd8
22. Nxg2 Nf3+ 23. Kh1 Nxe1 24. Qxe1 Bd5 25. Kg1 Bd4 26. Ne3 e5 27. Qe2 Kg7 28.
Qd2 Rf7 29. a5 Rdf8 30. Rf1 h5 31. Qe2 Rf3 32. Nxd5 Nxd5 33. Qe4 Nc3 34. Qb7+
Kh6 35. h4 Rxf2 36. Rxf2 Rxf2 37. Kh1 Ne2 38. Qd5 Nxg3+ 39. Kg1 0-1

[Event "ch-ISR w 2013"]
[Site "Acre ISR"]
[Date "2013.04.09"]
[Round "4.3"]
[White "Tsifanskaya, Ludmila A"]
[Black "Lian, Marina"]
[Result "1-0"]
[WhiteTitle "WIM"]
[WhiteElo "2085"]
[BlackElo "1874"]
[WhiteFideId "2802368"]
[BlackFideId "2809680"]
[EventDate "2013.04.06"]

1. e4 e6 2. d4 d5 3. e5 c5 4. Nf3 Nc6 5. c3 Qb6 6. a3 a5 7. Bd3 Bd7 8. Bc2 Nh6
9. O-O cxd4 10. cxd4 Nf5 11. Bxf5 exf5 12. Nc3 Be6 13. Qe2 Be7 14. Be3 h6 15.
Na4 Qc7 16. Qb5 g5 17. Rac1 Ra6 18. Bd2 Kf8 19. Qd3 g4 20. Ne1 Qd7 21. Nc5 Bxc5
22. Rxc5 Rb6 23. b4 axb4 24. axb4 Qe7 25. b5 Nxe5 26. Qg3 Nd7 27. Rc8+ Kg7 28.
Rxh8 Kxh8 29. Bxh6 1-0

[Event "ch-ISR w 2013"]
[Site "Acre ISR"]
[Date "2013.04.10"]
[Round "5.2"]
[White "Vasiliev, Olga"]
[Black "Tsifanskaya, Ludmila A"]
[Result "1-0"]
[WhiteTitle "WIM"]
[BlackTitle "WIM"]
[WhiteElo "2243"]
[BlackElo "2085"]
[WhiteFideId "2807602"]
[BlackFideId "2802368"]
[EventDate "2013.04.06"]

1. e4 c5 2. Nf3 e6 3. d4 cxd4 4. Nxd4 Nf6 5. Nc3 Nc6 6. a3 d5 7. Bb5 Bd7 8. exd5
Nxd5 9. Nxd5 exd5 10. O-O Be7 11. Be3 Nxd4 12. Bxd7+ Qxd7 13. Bxd4 O-O 14. Qf3
b6 15. Rfe1 Rac8 16. Qg3 f6 17. Qb3 Rfd8 18. Rad1 Qc6 19. Rd2 Kh8 20. Red1 Rd7
21. Bc3 h6 22. a4 Qc4 23. Rxd5 Rxd5 24. Rxd5 Qxb3 25. cxb3 a5 26. Rb5 Bb4 27.
Rxb6 Bxc3 28. bxc3 Rxc3 29. Kf1 Rc2 30. h4 Kg8 31. h5 Rb2 32. g4 Kf7 33. Kg2 Ke7
34. Kg3 Kd7 35. f3 Kc7 36. Rb5 Kc6 37. Rxa5 1-0

[Event "ch-ISR w 2013"]
[Site "Acre ISR"]
[Date "2013.04.10"]
[Round "5.3"]
[White "Dotan, Valeria"]
[Black "Vardi, Shlomit"]
[Result "1/2-1/2"]
[WhiteTitle "WFM"]
[WhiteElo "2056"]
[BlackElo "2003"]
[WhiteFideId "2803607"]
[BlackFideId "2801442"]
[EventDate "2013.04.06"]

1. d4 Nf6 2. Nf3 g6 3. c4 Bg7 4. Nc3 d6 5. g3 O-O 6. Bg2 Nbd7 7. O-O e5 8. e4
Re8 9. Re1 h6 10. Rb1 c6 11. d5 Nb6 12. Qe2 cxd5 13. cxd5 Bg4 14. h3 Bd7 15. Be3
a6 16. Nd2 Rc8 17. Kh2 Na4 18. Nxa4 Bxa4 19. b3 Bb5 20. Nc4 Bxc4 21. bxc4 Qd7
22. Rb6 Rc7 23. Reb1 Rec8 24. c5 dxc5 25. d6 Rc6 26. Rxb7 Qxd6 27. Qc4 R8c7 28.
Bf1 Kh7 29. a4 h5 30. Rxc7 Qxc7 31. f3 Ne8 32. Qc3 Nd6 33. Bc4 Nxc4 34. Qxc4 Bf8
35. Kg2 Kg8 36. h4 Re6 37. Bd2 Rd6 38. Bc3 Re6 1/2-1/2

[Event "ch-ISR w 2013"]
[Site "Acre ISR"]
[Date "2013.04.10"]
[Round "5.4"]
[White "Bejashvili, Irma"]
[Black "Len, Irina"]
[Result "1/2-1/2"]
[WhiteElo "1876"]
[BlackElo "2091"]
[WhiteFideId "2810662"]
[BlackFideId "2805715"]
[EventDate "2013.04.06"]

1. e4 d5 2. exd5 Nf6 3. Nf3 Nxd5 4. d4 c6 5. c4 Nb6 6. Bd3 Bg4 7. Be3 e6 8. O-O
Be7 9. Nc3 N8d7 10. Rc1 O-O 11. Re1 Re8 12. h3 Bh5 13. d5 exd5 14. cxd5 cxd5 15.
Nxd5 Nxd5 16. Bxh7+ Kxh7 17. Qxd5 Bxf3 18. Qxf3 Nf6 19. Qxb7 Qa5 20. Bd4 Bd6 21.
Bc3 Qxa2 22. b3 Bc5 23. Qf3 Bb6 24. Bxf6 Rac8 25. Bh4 Qd2 26. Qf5+ Kg8 27. Rxc8
Qxe1+ 28. Kh2 g6 29. Rxe8+ Qxe8 30. Qf3 Qe5+ 31. Bg3 Qb2 32. h4 Bd4 33. Qe4 Kg7
34. Qd5 f6 35. Qd7+ Kh6 36. Bf4+ g5 37. hxg5+ fxg5 38. Qe6+ Bf6 39. Qh3+ Kg7 40.
Qd7+ Kh8 41. Qh3+ Kg8 42. Qg3 Kf7 43. Bxg5 Bxg5 44. Qxg5 Qxf2 45. Qg3 Qd4 46.
Qf3+ Ke7 47. Kg3 a5 48. Qb7+ Kd8 49. Qa8+ Ke7 50. Qxa5 Qe3+ 51. Kg4 Qxb3 52.
Qg5+ Ke8 53. Kh5 Qd1+ 54. g4 Qh1+ 55. Kg6 Qc6+ 56. Kh7 Qb7+ 57. Qg7 Qh1+ 58. Kg8
Qd5+ 59. Kh8 Qh1+ 60. Qh7 Qa1+ 61. Qg7 Qh1+ 62. Kg8 Qd5+ 63. Kh7 Qh1+ 64. Qh6
Qb7+ 1/2-1/2

[Event "ch-ISR w 2013"]
[Site "Acre ISR"]
[Date "2013.04.11"]
[Round "6.1"]
[White "Vardi, Shlomit"]
[Black "Bejashvili, Irma"]
[Result "1-0"]
[WhiteElo "2003"]
[BlackElo "1876"]
[WhiteFideId "2801442"]
[BlackFideId "2810662"]
[EventDate "2013.04.06"]

1. e4 c5 2. Nc3 Nc6 3. g3 g6 4. Bg2 Bg7 5. d3 Rb8 6. Be3 b5 7. Qd2 b4 8. Nd1 d6
9. h3 e6 10. f4 Nge7 11. c3 bxc3 12. bxc3 Qa5 13. g4 Bd7 14. Nf3 f5 15. O-O O-O
16. Rc1 e5 17. gxf5 gxf5 18. Nh4 exf4 19. Bxf4 Ne5 20. Ne3 fxe4 21. dxe4 Qc7 22.
Rcd1 Rxf4 23. Rxf4 Bh6 24. Nd5 Bxf4 25. Nf6+ Kh8 26. Qxf4 Be6 27. Qh6 Ng8 28.
Nxg8 Bxg8 29. Nf5 Nc4 30. Qf6+ 1-0

[Event "ch-ISR w 2013"]
[Site "Acre ISR"]
[Date "2013.04.11"]
[Round "6.2"]
[White "Tsifanskaya, Ludmila A"]
[Black "Dotan, Valeria"]
[Result "1-0"]
[WhiteTitle "WIM"]
[BlackTitle "WFM"]
[WhiteElo "2085"]
[BlackElo "2056"]
[WhiteFideId "2802368"]
[BlackFideId "2803607"]
[EventDate "2013.04.06"]

1. e4 e5 2. Nf3 d6 3. d4 exd4 4. Nxd4 Nf6 5. Nc3 Be7 6. Be2 c6 7. a4 a5 8. O-O
O-O 9. Kh1 d5 10. exd5 Nxd5 11. Nxd5 Qxd5 12. Bf3 Qd8 13. c3 Bg5 14. Qc2 Bxc1
15. Raxc1 Na6 16. Rcd1 Qf6 17. Rfe1 Nc5 18. Re3 g6 19. g3 Ne6 20. Nb3 Ng5 21.
Bg2 Bf5 22. Qe2 Rfd8 23. Re1 Bd7 24. Nc5 Rab8 25. Nxd7 Rxd7 1-0

[Event "ch-ISR w 2013"]
[Site "Acre ISR"]
[Date "2013.04.11"]
[Round "6.3"]
[White "Borsuk, Angela"]
[Black "Vasiliev, Olga"]
[Result "1-0"]
[WhiteTitle "IM"]
[BlackTitle "WIM"]
[WhiteElo "2256"]
[BlackElo "2243"]
[WhiteFideId "2806452"]
[BlackFideId "2807602"]
[EventDate "2013.04.06"]

1. d4 d5 2. Nf3 Nf6 3. e3 e6 4. Bd3 c5 5. b3 Nbd7 6. Bb2 Bd6 7. Ne5 h5 8. f4
Bxe5 9. dxe5 Ng4 10. Qf3 g6 11. Nd2 Qa5 12. h3 Nh6 13. g4 Nb6 14. c3 c4 15. Bc2
cxb3 16. axb3 Qc5 17. e4 Bd7 18. exd5 exd5 19. f5 O-O-O 20. O-O-O gxf5 21. gxf5
Qe7 22. Rhe1 Bc6 23. Bd3 Nd7 24. Qe3 Rde8 25. Nf3 1-0

[Event "ch-ISR w 2013"]
[Site "Acre ISR"]
[Date "2013.04.11"]
[Round "6.4"]
[White "Klinova, Masha"]
[Black "Lian, Marina"]
[Result "1-0"]
[WhiteTitle "IM"]
[WhiteElo "2330"]
[BlackElo "1874"]
[WhiteFideId "2802015"]
[BlackFideId "2809680"]
[EventDate "2013.04.06"]

1. e4 e6 2. Nf3 d5 3. Nc3 Nf6 4. e5 Nfd7 5. d4 b6 6. Bg5 f6 7. exf6 Nxf6 8. Bd3
c5 9. Bb5+ Bd7 10. Qe2 Be7 11. Qxe6 a6 12. Bxd7+ Qxd7 13. Qxd7+ Nbxd7 14. O-O-O
O-O-O 15. Rhe1 Rhe8 16. Re6 cxd4 17. Nxd4 Bc5 18. Rxe8 Rxe8 19. f3 h6 20. Bh4 g5
21. Bg3 b5 22. Nf5 Re6 23. Nxd5 Nh5 24. Nc3 Nxg3 25. hxg3 Nb6 26. Ne4 Bf8 27. g4
Nc4 28. c3 Kc7 29. b3 Ne5 30. Kc2 Nxg4 31. Nxg5 hxg5 32. fxg4 Re4 33. Rd4 Re2+ 1-0

[Event "ch-ISR w 2013"]
[Site "Acre ISR"]
[Date "2013.04.12"]
[Round "7.1"]
[White "Vasiliev, Olga"]
[Black "Klinova, Masha"]
[Result "1-0"]
[WhiteTitle "WIM"]
[BlackTitle "IM"]
[WhiteElo "2243"]
[BlackElo "2330"]
[WhiteFideId "2807602"]
[BlackFideId "2802015"]
[EventDate "2013.04.06"]

1. e4 d6 2. d4 g6 3. Nc3 Bg7 4. Be3 c6 5. Nf3 Nf6 6. Qd2 b5 7. Bd3 Nbd7 8. h3
O-O 9. O-O e5 10. dxe5 dxe5 11. Bh6 Qe7 12. a4 b4 13. Ne2 Re8 14. Ng3 Bxh6 15.
Qxh6 Qf8 16. Qd2 h6 17. a5 Kg7 18. Nh4 Nc5 19. f4 Nxd3 20. cxd3 Qc5+ 21. Kh1 Be6
22. f5 Bd7 23. fxg6 fxg6 24. Rxf6 Kxf6 25. Qxh6 Ke7 1-0

[Event "ch-ISR w 2013"]
[Site "Acre ISR"]
[Date "2013.04.12"]
[Round "7.2"]
[White "Dotan, Valeria"]
[Black "Borsuk, Angela"]
[Result "1-0"]
[WhiteTitle "WFM"]
[BlackTitle "IM"]
[WhiteElo "2056"]
[BlackElo "2256"]
[WhiteFideId "2803607"]
[BlackFideId "2806452"]
[EventDate "2013.04.06"]

1. d4 d6 2. e4 c6 3. c4 e5 4. Nf3 Nd7 5. Be3 Be7 6. Nc3 Ngf6 7. Be2 a6 8. Qc2
O-O 9. O-O Re8 10. a3 Bf8 11. h3 exd4 12. Nxd4 Nc5 13. Nf3 g6 14. b4 Ne6 15.
Rfd1 Qc7 16. Rac1 Bg7 17. Nd4 a5 18. Nxe6 Bxe6 19. Bf4 Red8 20. c5 Ne8 21. cxd6
Nxd6 22. Nb5 Qb6 23. Nxd6 axb4 24. axb4 Qxb4 25. Rb1 Qa5 26. Nxb7 Rxd1+ 27. Qxd1
Qa3 28. e5 Ba2 29. Rb6 Qa7 30. Qd4 f6 1-0

[Event "ch-ISR w 2013"]
[Site "Acre ISR"]
[Date "2013.04.12"]
[Round "7.3"]
[White "Bejashvili, Irma"]
[Black "Tsifanskaya, Ludmila A"]
[Result "0-1"]
[BlackTitle "WIM"]
[WhiteElo "1876"]
[BlackElo "2085"]
[WhiteFideId "2810662"]
[BlackFideId "2802368"]
[EventDate "2013.04.06"]

1. e4 c5 2. Nf3 e6 3. d4 cxd4 4. Nxd4 a6 5. Bc4 Nf6 6. Qe2 d5 7. exd5 Nxd5 8.
O-O Be7 9. Rd1 O-O 10. Nf5 exf5 11. Bxd5 Qc7 12. Rd3 Bf6 13. Nc3 Nc6 14. Be3 Nb4
15. Bd4 Nxd3 16. Bxf6 Nf4 17. Qe5 Qxe5 18. Bxe5 Nxd5 19. Nxd5 Be6 20. Nf4 Rfd8
21. Bc3 Bd5 22. f3 Bc6 23. Re1 Re8 24. Rf1 f6 25. Kf2 Rad8 26. h4 Kf7 27. Kg3
Bb5 28. Rf2 g5 29. hxg5 fxg5 30. Nh3 h6 31. b3 Re2 32. a4 Rxf2 33. Nxf2 Be2 34.
Ba5 Rd7 35. f4 g4 36. Kh4 Kg6 37. Nh1 Bd1 38. c4 Bxb3 39. c5 Bxa4 40. c6 Bxc6 0-1

[Event "ch-ISR w 2013"]
[Site "Acre ISR"]
[Date "2013.04.12"]
[Round "7.4"]
[White "Len, Irina"]
[Black "Vardi, Shlomit"]
[Result "0-1"]
[WhiteElo "2091"]
[BlackElo "2003"]
[WhiteFideId "2805715"]
[BlackFideId "2801442"]
[EventDate "2013.04.06"]

1. d4 Nf6 2. c4 g6 3. Nc3 Bg7 4. e4 d6 5. f3 Na6 6. Be3 c6 7. Qd2 e5 8. O-O-O
Be6 9. dxe5 dxe5 10. Qxd8+ Rxd8 11. Rxd8+ Kxd8 12. Bxa7 Bh6+ 13. Kc2 Kc7 14. Bf2
Rd8 15. Be1 Nb4+ 16. Kb1 Bd2 17. Bxd2 Rxd2 18. Be2 Nd3 19. Bxd3 Rxd3 20. Kc2
Bxc4 21. b3 Ba6 22. Nh3 h6 23. Nf2 Rd7 24. Re1 h5 25. Ncd1 c5 26. Ne3 b6 27. h4
Rd8 28. a4 Rd4 29. Nh3 Kd7 30. Ng5 Ke7 31. g4 Rd6 32. gxh5 Nxh5 33. Nd5+ Kf8 34.
Rd1 Rc6 35. Rd2 Bb7 36. Ne3 Bc8 37. Rh2 Nf4 38. Nd5 Nxd5 39. exd5 Rd6 40. Rd2
Bb7 41. f4 exf4 42. Rf2 Bxd5 43. Rxf4 Ke7 44. Rf2 Rf6 45. Re2+ Kd7 46. Rd2 Kc6
47. Re2 Rf4 48. Re7 Rxh4 49. Nxf7 Rh2+ 50. Kb1 Bxb3 51. Nd8+ Kd5 52. Rb7 Kc4 53.
Rxb6 Kc3 54. Rxb3+ Kxb3 55. Kc1 c4 56. Ne6 Kc3 0-1